<?xml version="1.0" encoding="UTF-8"?>
<record
    xmlns:xsi="http://www.w3.org/2001/XMLSchema-instance"
    xsi:schemaLocation="http://www.loc.gov/MARC21/slim http://www.loc.gov/standards/marcxml/schema/MARC21slim.xsd"
    xmlns="http://www.loc.gov/MARC21/slim">

  <leader>03750cam a22003255a 4500</leader>
  <datafield tag="999" ind1=" " ind2=" ">
    <subfield code="c">26954</subfield>
    <subfield code="d">26926</subfield>
  </datafield>
  <controlfield tag="001">20665024</controlfield>
  <controlfield tag="005">20181105121952.0</controlfield>
  <controlfield tag="008">180816s2019    nyu    frb    001 0 eng d</controlfield>
  <datafield tag="010" ind1=" " ind2=" ">
    <subfield code="a">  2018014407</subfield>
  </datafield>
  <datafield tag="020" ind1=" " ind2=" ">
    <subfield code="a">9781138206991 (pbk.)</subfield>
  </datafield>
  <datafield tag="040" ind1=" " ind2=" ">
    <subfield code="a">LBSOR/DLC</subfield>
    <subfield code="b">eng</subfield>
    <subfield code="c">LBSOR</subfield>
    <subfield code="d">EG-ScBUE</subfield>
  </datafield>
  <datafield tag="082" ind1="0" ind2="4">
    <subfield code="a">337</subfield>
    <subfield code="b">BAL</subfield>
    <subfield code="2">22</subfield>
  </datafield>
  <datafield tag="100" ind1="1" ind2=" ">
    <subfield code="a">Balaam, David N.,</subfield>
    <subfield code="d">1950-</subfield>
    <subfield code="9">38214</subfield>
  </datafield>
  <datafield tag="245" ind1="1" ind2="0">
    <subfield code="a">Introduction to international political economy /</subfield>
    <subfield code="c">David N. Balaam, Bradford Dillman.</subfield>
  </datafield>
  <datafield tag="246" ind1="3" ind2="0">
    <subfield code="a">International political economy</subfield>
  </datafield>
  <datafield tag="250" ind1=" " ind2=" ">
    <subfield code="a">7th ed.</subfield>
  </datafield>
  <datafield tag="260" ind1=" " ind2=" ">
    <subfield code="a">New York ;</subfield>
    <subfield code="a">Oxon :</subfield>
    <subfield code="b">Routledge / taylor &amp; Francis,</subfield>
    <subfield code="c">2019.</subfield>
  </datafield>
  <datafield tag="300" ind1=" " ind2=" ">
    <subfield code="a">1 v. (various pagings) :</subfield>
    <subfield code="b">ill. ;</subfield>
    <subfield code="c">24 cm.</subfield>
  </datafield>
  <datafield tag="500" ind1=" " ind2=" ">
    <subfield code="a">Includes  glossary.</subfield>
  </datafield>
  <datafield tag="504" ind1=" " ind2=" ">
    <subfield code="a">Includes bibliographical references and index.</subfield>
  </datafield>
  <datafield tag="505" ind1="0" ind2=" ">
    <subfield code="a">Perspectives on international political economy -- What is international political economy? -- Laissez-faire : the economic liberal perspective -- Wealth and power : the mercantilist perspective -- Economic determinism and exploitation : the structuralist perspective -- Constructivism -- Structures of international political economy -- The global production structure -- The international trade structure -- The international finance and monetary structure -- The global security structure -- The international knowledge structure : controlling flows of information and technology -- States and markets in the global economy -- The development challenge -- The fragmentation of the European Union : the crossroads redux -- Moving into position : the rising powers -- The Middle East and North Africa : things fall apart -- Transnational problems and dilemmas -- The illicit global economy : the dark side of globalization -- Energy and the environment : navigating climate change and global disaster -- Global health : refugees and caring for the forgotten.</subfield>
  </datafield>
  <datafield tag="520" ind1=" " ind2=" ">
    <subfield code="a">"In a revolutionary revision of this best-selling text, David Balaam and Bradford Dillman show how the postwar world order is at once under threat and yet resilient. This classic text surveys the theories, institutions, and relationships that characterize IPE and highlights them in the context of a diverse range of regional and transnational issues. Introduction to International Political Economy positions students to critically evaluate the global economy and to appreciate the personal impact of political, economic, and social forces. New to the Seventh Edition - Streamlined yet comprehensive coverage--reducing the text from 20 to 17 chapters, condensing it by 100 pages. There is also one unified chapter on global finance and a single chapter on energy and the environment. - A new chapter on Constructivism shows sociological and ideational forces at work. - A new chapter on Global Production encompasses transnational corporations and labor. - A new chapter on Global Health incorporates food and refugee issues. - Substantial revisions to 10 chapters, including new material on Brexit, the EU debt and refugee crises, populist-nationalist movements, inequality, trade conflicts and negotiations, cyber weapons, the rise of China, Middle East conflicts, and international responses to climate change. - Significant focus throughout on President Trump's impact on U.S. foreign policy, international order, and global security. - Extensive new graphs and tables of data, plus 27 fascinating new text boxes throughout. - An author-written Instructor's Manual and Test Bank are provided along with additional online resources"--</subfield>
  </datafield>
  <datafield tag="650" ind1=" " ind2="7">
    <subfield code="a">International economic relations.</subfield>
    <subfield code="2">BUEsh</subfield>
  </datafield>
  <datafield tag="651" ind1=" " ind2=" ">
    <subfield code="2">BUEsh</subfield>
  </datafield>
  <datafield tag="653" ind1=" " ind2=" ">
    <subfield code="b">BUSECO</subfield>
    <subfield code="b">BUSBOL</subfield>
    <subfield code="c">November2018</subfield>
  </datafield>
  <datafield tag="655" ind1=" " ind2=" ">
    <subfield code="v">Text book</subfield>
  </datafield>
  <datafield tag="700" ind1="1" ind2=" ">
    <subfield code="a">Dillman, Bradford L.</subfield>
    <subfield code="9">40536</subfield>
  </datafield>
  <datafield tag="856" ind1="4" ind2="2">
    <subfield code="3">For eBook edition</subfield>
    <subfield code="u">www.routledge.com</subfield>
  </datafield>
  <datafield tag="942" ind1=" " ind2=" ">
    <subfield code="2">ddc</subfield>
  </datafield>
  <datafield tag="952" ind1=" " ind2=" ">
    <subfield code="0">0</subfield>
    <subfield code="1">0</subfield>
    <subfield code="2">ddc</subfield>
    <subfield code="4">0</subfield>
    <subfield code="7">0</subfield>
    <subfield code="8">Baccah</subfield>
    <subfield code="a">MAIN</subfield>
    <subfield code="b">MAIN</subfield>
    <subfield code="c">1ST</subfield>
    <subfield code="d">2018-11-05</subfield>
    <subfield code="e">Purchase</subfield>
    <subfield code="g">550.00</subfield>
    <subfield code="l">0</subfield>
    <subfield code="o">337 BAL</subfield>
    <subfield code="p">000043825</subfield>
    <subfield code="r">2025-07-15 00:00:00</subfield>
    <subfield code="y">NB</subfield>
  </datafield>
  <datafield tag="952" ind1=" " ind2=" ">
    <subfield code="0">0</subfield>
    <subfield code="1">0</subfield>
    <subfield code="2">ddc</subfield>
    <subfield code="4">0</subfield>
    <subfield code="7">0</subfield>
    <subfield code="8">Baccah</subfield>
    <subfield code="a">MAIN</subfield>
    <subfield code="b">MAIN</subfield>
    <subfield code="c">1ST</subfield>
    <subfield code="d">2018-11-05</subfield>
    <subfield code="e">Purchase</subfield>
    <subfield code="g">550.00</subfield>
    <subfield code="l">3</subfield>
    <subfield code="m">19</subfield>
    <subfield code="o">337 BAL</subfield>
    <subfield code="p">000043826</subfield>
    <subfield code="r">2025-07-15 00:00:00</subfield>
    <subfield code="s">2022-12-17</subfield>
    <subfield code="y">BB</subfield>
  </datafield>
</record>
